| Tag |
First Indicator |
Second Indicator |
Subfields |
| LEADER |
00000cam a2200000 i 4500 |
| 001 |
in00001368614 |
| 005 |
20151006080839.0 |
| 008 |
801229r19811876miua ab 000 0beng d |
| 010 |
|
|
|z 07015399
|
| 035 |
|
|
|a (OCoLC)07037606
|
| 035 |
|
|
|9 AHJ1520AM
|
| 037 |
|
|
|a CL0054000007
|b University Microfilms International
|
| 037 |
|
|
|b University Microfilms International, 300 N. Zeeb Rd., Ann Arbor, MI 48106
|
| 040 |
|
|
|a UMI
|c UMI
|d UtOrBLW
|
| 049 |
|
|
|a TXAI
|
| 090 |
|
|
|a F592.C33
|b E4 1876
|
| 099 |
|
|
|a film
|a B
|a 3866
|
| 100 |
1 |
|
|a Ellis, Edward Sylvester,
|d 1840-1916.
|
| 245 |
1 |
4 |
|a The life and times of Christopher Carson :
|b the Rocky Mountain scout and guide : with reminiscences of Fremont's exploring expedidtions, and notes on life in New Mexico.
|
| 264 |
|
1 |
|a New York :
|b Beadle and Adams,
|c [1876?]
|
| 300 |
|
|
|a 94 pages :
|b illustrations
|
| 336 |
|
|
|a text
|b txt
|2 rdacontent
|
| 337 |
|
|
|a microform
|b h
|2 rdamedia
|
| 338 |
|
|
|a microfilm reel
|b hd
|2 rdacarrier
|
| 490 |
1 |
|
|a Beadle's lives of great Americans ;
|v no. 9
|
| 500 |
|
|
|a Authorship attributed to E.S. Ellis. Cf. National union catalog.
|
| 504 |
|
|
|a Includes bibliographical references.
|
| 500 |
|
|
|a Microfilm. Ann Arbor, Mich. : University Microfilms International, 1981 -- 1 reel ; 35 mm. -- (Dime novels ; Unit 7 ; 9-GA : reel 70:23).
|
| 500 |
|
|
|a Microform.
|
| 600 |
1 |
0 |
|a Carson, Kit,
|d 1809-1868.
|
| 600 |
1 |
0 |
|a Frémont, John Charles,
|d 1813-1890.
|
| 830 |
|
0 |
|a Beadle's lives of great Americans ;
|v no. 9.
|
| 830 |
|
0 |
|a Beadle's dime novels ;
|v GA-9.
|
| 999 |
|
|
|a MARS
|
| 999 |
f |
f |
|s a9fdf151-dcd4-3583-abaa-02377994c5b4
|i 719f0f9f-9562-3112-bc3e-7c85d2b72380
|t 0
|
| 952 |
f |
f |
|p default
|a Texas A&M University
|b College Station
|c Sterling C. Evans Library
|d Evans: Microforms (3rd floor)
|t 0
|e film B 3866 reel 70:23
|h Other scheme
|i microform -- microfilm reel
|
| 998 |
f |
f |
|a film B 3866 reel 70:23
|t 0
|l Evans: Microforms (3rd floor)
|